000 00513nam a22001817a 4500
005 20251108164209.0
008 250721s1975 xx 000 0 ara d
082 1 4 _a070.962/مصط
100 1 _aأمين، مصطفى
245 1 0 _aصاحبة الجلالة في الزنزانة /
250 _aط3.
264 1 _aالاسكندرية :
_bالمكتب المصري الحديث،
_c1975.
300 _a254ص
650 1 7 _aالصحافة
650 1 7 _aتاريخ مصر
942 _2ddc
_cBK
999 _c6124
_d6124